| 000 | 01204cam a2200301 i 4500 | ||
|---|---|---|---|
| 003 | SA-RiAUC | ||
| 005 | 20250609093027.0 | ||
| 008 | 250609s2000 ts g 00000 ara c | ||
| 040 |
_aSA-RiAUC _bara _cSA-RiAUC _erda |
||
| 043 | _af-ae--- | ||
| 082 | 0 | 4 | _a253.9 |
| 090 |
_a253.9 _bا ب ن ح |
||
| 100 | 1 |
_aابن حموش، مصطفى أحمد. _eمؤلف. |
|
| 245 | 1 | 0 |
_aفقه العمران الإسلامي من خلال الأرشيف الجزائري... / _cتأليف مصطفى أحمد حموش. |
| 250 | _aالطبعة الأولى. | ||
| 264 | 1 |
_aدبي، الإمارات : _bدار البحوث للدراسات الإسلامية وإحياء التراث، _c2000 |
|
| 300 |
_a315 صفحة ؛ _c24 سم. |
||
| 336 |
_aنص _btxt _2rdacontent _3كتاب |
||
| 337 |
_aبدون وسيط _bn _2rdamedia |
||
| 338 |
_aمجلد _bnc _2rdacarrier |
||
| 440 | 0 |
_aسلسلة الدراسات الفقهية _v5 |
|
| 650 | 7 |
_aالعمارة الإسلامية _zالجزائر _2aucsh |
|
| 650 | 7 |
_aالمباني _2aucsh |
|
| 650 | 7 |
_aالفقه الإسلامي _2aucsh |
|
| 650 | 7 |
_aالفقه الإسلامي _2aucsh |
|
| 942 |
_2ddc _cBOOK |
||
| 949 |
_aSA-JeALM _d250609 _ukhaled123 _n1 |
||
| 999 |
_c8749 _d8749 |
||